| 000 | 00945nam a2200265 a 4500 | ||
|---|---|---|---|
| 001 | |||
| 003 | DO-SdBNP | ||
| 005 | 20220831125319.0 | ||
| 008 | 090729s1986 dr ab 001 0 spa d | ||
| 040 |
_aDO-SdBNP _bspa _cBPMSU |
||
| 082 |
_a342.7293029 _bB828s1986 _222 |
||
| 100 | 1 |
_aBrea Franco, Julio _d1948- |
|
| 100 | z |
_a Franco, Julio Brea, _d1948- |
|
| 245 | 1 | 3 |
_aEl sistema constitucional dominicano / _cJulio Brea Franco ; presentación Manuel Bergés Chupani. |
| 260 |
_aSanto Domingo : _bUNPHU, _c1986 |
||
| 300 |
_av. : _bil. ; mapa ; _c21 cm. |
||
| 586 | _aPremio Nacional de Didáctica 1983 | ||
| 590 | _aInventariado, 2022/VM | ||
| 651 | 4 |
_aRepública Dominicana _xConstitución |
|
| 651 | 4 |
_aRepública Dominicana _xHistoria Constitucional |
|
| 651 | 4 |
_aRepública Dominicana _xDerecho Constitucional |
|
| 710 | 2 | _aUniversidad Nacional Pedro Henríquez Ureña (República Dominicana) | |
| 910 | _aVMateo V. | ||
| 942 |
_2ddc _cBK |
||
| 999 |
_c14244 _d14244 |
||